Región Caribe de Colombia / (Registro nro. 17757)
[ vista simple ]
| 000 -CABECERA | |
|---|---|
| Campo de control | 01594nam a22003497a 4500 |
| 005 - FECHA Y HORA DE LA ULTIMA TRANSACCION | |
| Campo de control | 20170323020002.0 |
| 008 - ELEMENTOS DE LONGITUD FIJA—INFORMACION GENERAL | |
| Campo de control | 150414s2014 ck o gr 00010 spa d |
| 020 ## - ISBN | |
| ISBN | 9789589916964 |
| 040 ## - FUENTE DE CATALOGACIÓN | |
| Agencia catalogadora original | CO-BoBLA |
| Agencia transcriptora | CO-BoBLA |
| Agencia Modificadora | Co-BoIAVH |
| 041 ## - IDIOMA | |
| Código de idioma para texto/pista de sonido o título separado | Español |
| 044 ## - PAÍS DE PUBLICACIÓN | |
| País de publicación | Colombia |
| 082 04 - NUMERO DE CLASIFICACION DECIMAL DEWEY | |
| Número de clasificación | 918.611 |
| Número del ítem | D54r |
| 100 1# - ASIENTO PRINCIPAL--NOMBRE PERSONAL | |
| Nombre personal | Díaz Merlano, Juan Manuel |
| 9 (RLIN) | 504 |
| 245 10 - MENCION DE TITULO | |
| Título | Región Caribe de Colombia / |
| Mención de responsabilidad | Juan Manuel Díaz Merlano ; fotografía Angélica Montes Arango, Camilo Gómez Durán, Diego Migel Garcés Guerrero [y otros] ; mapas y dibujos Juan Carlos Piñeres Márquez. |
| 260 ## - PUBLICACION, DISTRIBUCION, ETC. (PIE DE IMPRENTA) | |
| Lugar de publicación, distribución, etc. | Cali : |
| Nombre del editor, distribuidor, etc. | Banco de Occidente, |
| Fecha de publicación, distribución, etc. | [2014?] |
| 300 ## - DESCRIPCION FISICA | |
| Extensión | 205 páginas : |
| Otros detalles físicos | fotografías ; |
| Dimensiones | 34 cm. |
| 500 ## - NOTA GENERAL | |
| Nota general | Glosario : p. 200. |
| 504 ## - NOTA DE BIBLIOGRAFIA, ETC. | |
| Nota de bibliografía | Incluye referencias bibliográficas (página 205) |
| 650 #4 - ASIENTO SECUNDARIO DE MATERIA - TERMINO TEMATICO | |
| Término temático o nombre geográfico como elemento de entrada | Paisajes |
| Subdivisión geográfica | Caribe (Región, Colombia) |
| 9 (RLIN) | 38323 |
| 650 #4 - ASIENTO SECUNDARIO DE MATERIA - TERMINO TEMATICO | |
| Término temático o nombre geográfico como elemento de entrada | Recursos naturales |
| Subdivisión geográfica | Caribe (Región, Colombia) |
| 9 (RLIN) | 38324 |
| 651 #4 - ASIENTO SECUNDARIO DE MATERIA - NOMBRE GEOGRAFICO | |
| Nombre geográfico | Caribe (Región, Colombia) |
| Subdivisión general | Vida social y costumbres. |
| 9 (RLIN) | 38325 |
| 651 #4 - ASIENTO SECUNDARIO DE MATERIA - NOMBRE GEOGRAFICO | |
| Nombre geográfico | Caribe (Región, Colombia) |
| Subdivisión general | Descripción. |
| 9 (RLIN) | 38326 |
| 651 #4 - ASIENTO SECUNDARIO DE MATERIA - NOMBRE GEOGRAFICO | |
| Nombre geográfico | Caribe (Región, Colombia) |
| Subdivisión general | Descripción. |
| 9 (RLIN) | 38327 |
| 700 1# - ASIENTO SECUNDARIO - NOMBRE PERSONAL | |
| Nombre personal | Montes Arango, Angélica, |
| Término de relación | fotógrafa. |
| 9 (RLIN) | 38328 |
| 700 1# - ASIENTO SECUNDARIO - NOMBRE PERSONAL | |
| Nombre personal | Gómez Durán, Camilo, |
| Término de relación | fotógrafo. |
| 9 (RLIN) | 8170 |
| 700 1# - ASIENTO SECUNDARIO - NOMBRE PERSONAL | |
| Nombre personal | Garcés Guerrero, Diego Miguel, |
| Fechas asociadas con el nombre | 1959-, |
| Término de relación | fotógrafo. |
| 9 (RLIN) | 38329 |
| 700 1# - ASIENTO SECUNDARIO - NOMBRE PERSONAL | |
| Nombre personal | Montes Veira, Germán, |
| Término de relación | fotógrafo. |
| 9 (RLIN) | 38330 |
| 700 1# - ASIENTO SECUNDARIO - NOMBRE PERSONAL | |
| Nombre personal | Daza Larrotta, Gabriel, |
| Término de relación | fotógrafo. |
| 9 (RLIN) | 38331 |
| 700 1# - ASIENTO SECUNDARIO - NOMBRE PERSONAL | |
| Nombre personal | Morales Agudelo, Miguel, |
| Término de relación | fotógrafo. |
| 9 (RLIN) | 38332 |
| 700 1# - ASIENTO SECUNDARIO - NOMBRE PERSONAL | |
| Nombre personal | Piñeres Márquez, Juan Carlos, |
| Término de relación | ilustrador. |
| 9 (RLIN) | 38333 |
| 942 ## - ELEMENTOS ADICIONALES (KOHA) | |
| Sistema de clasificación | Dewey Decimal Classification |
| Tipo de ítem | Libro |
| Koha issues (borrowed), all copies | 1 |
| Withdrawn status | Lost status | Sistema de Clasificación | Damaged status | No para préstamo | Colección | Inventariado | Ubicación Permanente | Ubicación actual | Fecha de adquisición | Fuente de Valor | Valor | Total Checkouts | Número topográfico | Inventario / Código de Barras | Date last seen | Date checked out | Ejemplar | Price effective from | Forma de adquisición | Tipo de material |
|---|---|---|---|---|---|---|---|---|---|---|---|---|---|---|---|---|---|---|---|---|
| Dewey Decimal Classification | General | Inventariado 2017 | Bogotá | Bogotá | 04/09/2015 | Instituto | 39000.00 | 1 | LB-918.611 D54r | 039195 | 22/03/2017 | 22/03/2017 | Ej. 1 | 04/09/2015 | Libro | |||||
| Dewey Decimal Classification | General | Inventariado 2017 | Bogotá | Bogotá | 07/09/2015 | Instituto | 39000.00 | LB-918.611 D54r | 039217 | 07/09/2015 | Ej. 2 | 07/09/2015 | Libro |